000 00760nam a2200265Ia 4500
003 OSt
005 20220926033937.0
006 a|||||r|||| 00| 0
007 ta
008 220923b |||||||| |||| 00| 0 eng d
037 _cGeneral Book
040 _aRTL
_cRTL
_beng
041 _2eng
_aeng
082 _aU3, K6;1
100 _aJames Preston E
245 0 _aGeography of man. Ed by John F Kalars etc
250 _a3
260 _aWaltham
_bMass Oinn-Blaisdell
_c1966
300 _axvii, 581p
_ccm.
500 _aBibliography: P 543-50; Appendixes: P 433-550
650 _aBiogeography
700 _a Kline Hibberd V B
_9339803
942 _hU3, K6;1
_cGB
_2CC
999 _c658396
_d658396